La nueva ciencia de la mente: historia de la revolución cognitiva

Saved in:
Bibliografiske detaljer
Hovedforfatter: Gardner, Howard (Author)
Format: Bog
Sprog:spansk
Udgivet: Barcelona Espasa Libros 2011
Udgivelse:1a. ed
Serier:Biblioteca Howard Gardner, 4
Fag:
Tags: Tilføj Tag
Ingen Tags, Vær først til at tagge denne postø!

MARC

LEADER 00000cam a2200000 a 4500
001 UCF2716
003 CL-VaPUC
008 120910e20110000SP |||||||||||||||||spa|d
020 |a 9788449325533 
082 0 4 |a 006.3  |b GAR  |2 21 
100 |a Gardner, Howard  |e author  |9 245668 
245 1 3 |a La nueva ciencia de la mente: historia de la revolución cognitiva 
250 |a 1a. ed 
300 |a 449 p 
942 |c BK 
945 |d 20120910 00:00:00  |a cmena 
260 |a Barcelona  |b Espasa Libros  |c 2011 
650 7 |a INTELIGENCIA ARTIFICIAL  |2 CL-VaPUC  |9 564476 
650 0 |a Cognición   |9 270347 
650 0 |a Psicolingüística   |9 283371 
650 7 |a CIENCIA COGNITIVA  |2 CL-VaPUC  |9 324284 
583 |a last modification  |c 20120910 11:39:00  |k Rodrigo Vera 
490 0 |a Biblioteca Howard Gardner, 4 
999 |c 349256  |d 349254 
952 |0 0  |1 0  |4 0  |6 006_300000000000000_GAR_2011  |7 0  |8 A  |9 451807  |a BIBEDU  |b BIBEDU  |d 2019-11-22  |i 4900456  |o 006.3 GAR 2011  |p 4900456  |r 2019-11-22  |w 2019-11-22  |y BK  |k PSI